00680nam a2200157 i 4500001000700000003000900007005001700016008004100033100004600074245010000120260005200220300002000272650002100292650002100313852018800334189621ES-MaACL20230906223521.0190703q1874 fr |||| | fre d1 aBeguyer de Chancourtois, Alexandre-Emile.10aMémoire sur la classification chronogique des formations / cpar M. A.-E.-B. de Chancourtois. aParis : bGauthier-Villars, Imp.-Lib., c[1874] a4 p. ; c27 cm.04aGeocronología. 4aEstratigrafía. aES-MaACLjL-32451(8) z- Enc. cart. z. - Legado Federico de Botella y de Hornos z- Enc. en un vol. facticio, con tít. en el lomo de: Rapport sur les progrés de la stratigraphie